| Tag |
First Indicator |
Second Indicator |
Subfields |
| LEADER |
00000cam a22000001a 4500 |
| 001 |
in00003413921 |
| 006 |
m d f |
| 007 |
cr bn mmmapmmp |
| 008 |
101223s2009 dcu o f000 0 eng d |
| 005 |
20260430150139.5 |
| 035 |
|
|
|a cis2007869027
|
| 040 |
|
|
|a ProQuest
|c ProQuest
|d UtOrBLW
|
| 043 |
|
|
|a n-us---
|
| 099 |
|
|
|a CRS-2009-DSP-0370
|
| 110 |
2 |
|
|a Library of Congress.
|b Congressional Research Service.
|
| 245 |
1 |
0 |
|a Potential Role of the Temporary Assistance for Needy Families (TANF) Block Grant in the Recession.
|
| 264 |
|
1 |
|a [Place of publication not identified] :
|b [publisher not identified],
|c 2009.
|
| 300 |
|
|
|a 1 online resource.
|
| 336 |
|
|
|a text
|b txt
|2 rdacontent
|
| 337 |
|
|
|a computer
|b c
|2 rdamedia
|
| 338 |
|
|
|a online resource
|b cr
|2 rdacarrier
|
| 500 |
|
|
|a Record is based on bibliographic data in ProQuest U.S. Congressional Research Digital Collection (last viewed Dec. 2010). Reuse except for individual research requires license from ProQuest, LLC.
|
| 500 |
|
|
|a CRS Report.
|
| 520 |
|
|
|a Examines impact of recession on disadvantaged families, covering public policy promoting employment; unemployment levels; extent of Federal safety net; and P.L. 111-5, the American Recovery and Reinvestment Act of 2009. Addresses Temporary Assistance for Needy Families (TANF) funding during recessions; and discusses potential expanded TANF role during recession, including cash welfare and other forms of economic support. Considers solvency of the contingency fund, and penalties for failure to meet FY2007 and FY2008 work participation standards. Includes tables and graphs.
|
| 500 |
|
|
|a Electronic resource.
|
| 650 |
|
0 |
|a Business cycles.
|
| 650 |
|
0 |
|a Poverty.
|
| 650 |
|
0 |
|a Unemployment.
|
| 655 |
|
7 |
|a Electronic books.
|2 local
|
| 710 |
2 |
|
|a ProQuest (Firm)
|
| 776 |
0 |
8 |
|i Microfiche version:
|a Library of Congress. Congressional Research Service.
|t Potential Role of the Temporary Assistance for Needy Families (TANF) Block Grant in the Recession
|
| 830 |
|
0 |
|a U.S. Congressional Research.
|
| 856 |
4 |
0 |
|u http://proxy.library.tamu.edu/login?url=https://congressional.proquest.com/congcomp/getdoc?CRDC-ID=CRS-2009-DSP-0370
|z Connect to the full text of this electronic book
|t 0
|
| 999 |
|
|
|a MARS
|
| 999 |
f |
f |
|s 2acbe22c-3594-3363-8476-e8f02fe0f550
|i 6775160b-5c25-3470-bd6b-5e4fce784808
|t 0
|
| 952 |
f |
f |
|a Texas A&M University
|b College Station
|c Electronic Resources
|s www_evans
|d Available Online
|t 0
|e CRS-2009-DSP-0370
|h Other scheme
|
| 998 |
f |
f |
|a CRS-2009-DSP-0370
|t 0
|l Available Online
|